José Toribio Medina: 1852-1930
Uloženo v:
| Hlavní autor: | |
|---|---|
| Médium: | Kniha |
| Jazyk: | španělština |
| Vydáno: |
Santiago
Universitaria
1952
|
| Vydání: | 1a. ed |
| Témata: | |
| Tagy: |
Přidat tag
Žádné tagy, Buďte první, kdo vytvoří štítek k tomuto záznamu!
|
MARC
| LEADER | 00000nam a2200000 a 4500 | ||
|---|---|---|---|
| 001 | UCP8312 | ||
| 003 | CL-VaPUC | ||
| 005 | 20250227161802.0 | ||
| 008 | 000114e19520000CL |||||||||||||||||spa|d | ||
| 999 | |c 285244 |d 285242 | ||
| 040 | |c Pontificia Universidad Católica de Valparaíso | ||
| 082 | 0 | 4 | |a 983.092 |b DON |2 21 |
| 100 | |a Donoso Novoa, Armando |e author |9 507735 | ||
| 245 | 1 | 0 | |a José Toribio Medina: 1852-1930 |
| 250 | |a 1a. ed | ||
| 260 | |a Santiago |b Universitaria |c 1952 | ||
| 300 | |a 55 p | ||
| 583 | |a last modification |c 20000114 00:00:00 |k Rodrigo Vera | ||
| 600 | 0 | |a Medina, José Toribio, |d 1852-1930 |9 864344 | |
| 650 | 0 | |a Biografías |9 255210 | |
| 650 | 0 | |a Historiadores |9 314498 | |
| 650 | 0 | |a Bibliografías |9 257071 | |
| 650 | 0 | |a Vida y obra |9 311871 | |
| 651 | 7 | |a CHILE |2 CL-VaPUC |9 438195 | |
| 942 | |c BK |2 ddc | ||
| 945 | |d 20000114 00:00:00 |a rherrera | ||
| 952 | |0 0 |1 0 |4 0 |6 983_092000000000000_DON_1952 |7 0 |8 ? |9 329700 |a FDOBUD |b FDOBUD |d 2019-11-20 |i 1010522 |o 983.092 DON 1952 |p 1010522 |r 2019-11-20 |w 2019-11-20 |y BK |k BUD | ||